000 nam a22 7a 4500
999 _c153839
_d153837
005 20200123123144.0
008 200123b sp ||||| |||| 00| 0 spa d
020 _a8485264940
050 0 4 _aKKT2474.D4
_bD47 1995
245 1 3 _aEl derecho a la información
_b: Teoría y practica
_c/ Presentación Manuel Ramírez; Subdirector Manuel Contreras Casado
250 _a1a ed.
260 _aMéxico :
_bLibros Pórticos,
_c1995
300 _a119 p. ;
_c24 cm.
490 0 _aCuadernos Lucas Pórtico
650 7 _2lemb
_aLibertad de información
_xLibertad de Prensa
700 1 _aRamírez Manuel,
_ePrentador
942 _2lcc
_cLIB